| 000 | 01522nam0a2200337 4500 | ||
|---|---|---|---|
| 001 | RU\NLR\bibl\967975 | ||
| 005 | 20250614210320.0 | ||
| 010 |
_a5-93139-201-7 _9200 |
||
| 021 |
_aRU _b2006-35401 _91769 |
||
| 035 | _a(NLR Aleph) 000955951 | ||
| 090 |
_a309254 _c309254 |
||
| 100 | _a20060717d2006 |||y0rusy50 ca | ||
| 101 | 1 |
_arus _cger _dger |
|
| 102 | _aRU | ||
| 105 | _ay ||||||||| | ||
| 200 | 1 |
_aРеспублика Башкортостан _eстановление авторитарного режима _fЙорн Гревингхольт _g[пер. с нем. Н.Н. Реуцкой] _gнауч. ред. к.ист.н. И.В. Кучумов _gАкад. наук Респ. Татарстан, Ин-т истории им. Ш. Марджани, Центр этнол. мониторинга |
|
| 205 | _a2-е изд., испр. и доп. | ||
| 210 |
_aКазань _cМастер Лайн _d2006 |
||
| 215 |
_a59 с. _d21 |
||
| 225 | 1 | _aСерия "Башкортостан в зарубежных исследованиях" | |
| 300 | _aРез. на нем. яз. | ||
| 320 | _aБиблиогр. в подстроч. прим. | ||
| 606 | 1 |
_aОрганы государственной власти _yБашкортостан, Республика _92223848 _3RU\NLR\auth\661335158 |
|
| 686 | _aХ620.611.33Б | ||
| 700 | 1 |
_aГревингхольт _bЙ. _gЙорн _4070 |
|
| 801 | 0 |
_aRU _bNLR _c20060717 _grcr |
|
| 801 | 1 |
_aRU _bNLR _c20060717 |
|
| 942 | _cBOOK | ||
| 980 | _aNB | ||
| 980 | _aNBR | ||